Official Languages of South America - Statistics

General Stats
  • This quiz has been taken 126 times
  • The average score is 13 of 16
Answer Stats
Country Answer % Correct
Argentina Spanish
100%
Bolivia Spanish
98%
Brazil Portuguese
94%
Chile Spanish
94%
Colombia Spanish
94%
Ecuador Spanish
94%
Venezuela Spanish
92%
Paraguay Spanish
91%
Uruguay Spanish
90%
Suriname Dutch
85%
Guyana English
83%
Bolivia Guarani
67%
Paraguay Guarani
56%
Ecuador Quechua
56%
Bolivia Aymara
55%
Bolivia Quechua
52%
No matching quizzes found
Score Distribution
Percent of People with Each Score
Percentile by Number Answered
Your Score History
You have not taken this quiz